Представление документа в формате RUSMARC

ПолеНазваниеЗначение
  Тип записи a
  Библиографический уровень m
001 Контрольный номер RU/IS/BASE/535209720
005 Дата корректировки 20240209174706.5
010 Индекс ISBN __
a ISBN
b Уточнения в пер.
d Цена 81 р. 00 к.
9 Тираж экз.
100 Данные общей обработки __
a Данные общей обработки 20161216d2016 ||| 0rusy0189 ca
101 Язык документа 0_
a Язык текста rus
102 Страна публикации __
a Страна публикации RU
105 Кодированные данные (монография) __
a Кодированные данные (монография) y###||||000|y
181 Поле кодированных данных: вид содержания _1
a Код вида содержания (ISBD) i#
b Код характеристики содержания (ISBD) #xxe##
d i
g x
h x
i e
2 Код системы (источник кода, отличный от ISBD) isbdcontent
182 Поле кодированных данных: тип средства _1
a Код типа средства (ISBD) n
2 Код системы (источник кода, отличный от ISBD) isbdmedia
200 Заглавие и сведения об ответственности 1_
a Заглавие Петербургские повести
a Заглавие Пьесы
b Общее обозначение материала Текст
f Первые сведения об ответственности Н. В. Гоголь
w Текст (визуальный) : непосредственный
203 Вид содержания и тип средства __
a Вид содержания Текст
b Характеристика содержания визуальный
c Тип средства непосредственный
210 Выходные данные 1_
a Место издания Москва
c Издательство Дрофа
c Издательство Вече
d Дата издания 2004
215 Физическое описание __
a Объем 367 с.
d Формат см.
225 Серия 0_
a Серия Библиотека отечественной классики
300 Общие примечания __
a Общие примечания Ограничения по возрасту - 12+
300 Общие примечания __
a Общие примечания Под инв. номером 110380: 5-1, 7-1, 12-1, 15-1
606 Тематические рубрики 0_
a Основная рубрика Русская литература, 19 в.
610 Ключевые слова 0_
a Ключевые слова классика русская
a Ключевые слова произведения школьной программы
a Ключевые слова юмор
a Ключевые слова сатира
686 Индексы других классификаций __
a Классификационный индекс 84(2Рос=Рус)1
2 Код системы ББК
700 Автор _0
a Фамилия Гоголь
b Имя (инициалы) Николай Васильевич
g Полное личное имя Н. В.
801 Источник записи _0
a Страна RU
b Организация МБУК ЦБС
c Дата составления 20161216
g Правила каталогизации RCR
801 Источник записи _1
a Страна RU
b Организация МБУК ЦБС г. Ульяновска
c Дата составления 20161216
g Правила каталогизации RCR
899 Данные о местонахождении __
i Авторский знак Г 58
j Расстановочный фильтр Р1
901 Тип документа __
t Тип документа m
910 Корректоры записи __
a Корректор записи Даудова